| 000 | 00953nmm a2200265 a 4500 | ||
|---|---|---|---|
| 001 | ocm000652822 | ||
| 003 | TR-IsHL | ||
| 005 | 20201028135829.0 | ||
| 008 | 131209s2006 tu tur | ||
| 007 | cr cn | ||
| 020 | _a9789754827248 | ||
| 035 |
_a652822 _b(N$T) |
||
| 050 | 0 | 4 |
_aDR471.T87 _bE73[t 2006 |
| 090 | 0 | 4 |
_aDR471.T87 _bE73[t 2006 |
| 100 | 1 | _aErdem, Gökhan | |
| 245 | 1 | 0 |
_aTürkiye'de Siyasi Tarih'in Gelişimi ve Sorunları Sempozyumu: (bildiriler ve tartışmalar) _h[electronic resource] / _cGökhan Erdem |
| 260 |
_aAnkara : _bAnkara Üniversitesi Siyasal Bilgiler Fakültesi, _c2006 |
||
| 300 | _a141 p. | ||
| 650 | 4 | _aTarih | |
| 650 | 4 | _aHistory | |
| 650 | 0 |
_aSiyasi tarih _x Türkiye _x Sempozyumlar |
|
| 650 | 0 |
_aPolitical history _x Turkey - Symposiums |
|
| 650 | 7 |
_aPOLITICAL SCIENCE / History & Theory _2bisacsh |
|
| 856 | 4 | 0 | _uhttp://search.ebscohost.com/login.aspx?direct=true&scope=site&db=e011xww&AN=652822 |
| 999 |
_c6955 _d6955 |
||